[Event "Kandidatklassen"]
[Site "Svendborg"]
[Date "2019.04.16"]
[Round "1"]
[White "Brondt, Nicolai Kvist"]
[Black "Guindy, Esmat Susanne"]
[Result "1-0"]
[WhiteElo "2307"]
[BlackElo "2144"]
[EventDate "2019.04.16"]
[EventRounds "7"]
[EventCountry "DEN"]
[WhiteFideId "1413848"]
[BlackFideId "1401637"]

1. d4 d5 2. c4 e6 3. Nf3 Nf6 4. g3 Be7 5. Bg2 O-O 6. O-O c6 7. Qc2 b6 8. Rd1 Bb7 9. Nc3 Nbd7 10. b3 Rc8 11. e4 dxe4 12. Nxe4 Nxe4 13. Qxe4 Nf6 14. Qe2 Qc7 15. Bf4 Bd6 16. Ne5 Qe7 17. Bg5 c5 18. Bxf6 gxf6 19. Bxb7 Qxb7 20. Ng4 f5 21. Nf6+ Kg7 22. dxc5 Bxc5 23. Nd7 Rfd8 24. Qe5+ Kg8 25. Nf6+ Kg7 26. Nh5+ Kf8 27. Qh8+ Ke7 28. Qf6+ Ke8 29. Ng7+  1-0

[Event "Kandidatklassen"]
[Site "Svendborg"]
[Date "2019.04.16"]
[Round "1"]
[White "Pedersen, Steffen"]
[Black "Vasova, Maria"]
[Result "1-0"]
[WhiteElo "2322"]
[BlackElo "2124"]
[EventDate "2019.04.16"]
[EventRounds "7"]
[EventCountry "DEN"]
[WhiteFideId "1401491"]
[BlackFideId "2900955"]

1. d4 d5 2. c4 c6 3. cxd5 cxd5 4. Nc3 Nf6 5. Bf4 Nc6 6. e3 Bf5 7. Qb3 Na5 8. Qa4+ Bd7 9. Qc2 e6 10. Bd3 Rc8 11. Nf3 b5 12. a3 Nc4 13. O-O Be7 14. Qe2 a6 15. a4 b4 16. Nb1 a5 17. Ne5 Nxe5 18. Bxe5 O-O 19. Nd2 Qe8 20. f3 Bxa4 21. b3 Bc6 22. Rxa5 Ra8 23. Rfa1 Rxa5 24. Rxa5 Qd7 25. Nf1 Ra8 26. Qa2 Qb7 27. Ng3 Nd7 28. Rxa8+ Qxa8 29. Qxa8+ Bxa8 30. Bc7 Bc6 31. Ne2 f6 32. Kf2 e5 33. Nc1 g6 34. Na2 f5 35. dxe5 Nc5 36. Nxb4 Bd7 37. Bc2 Be6 38. Nc6 Bf8 39. Bb6 Bd7 40. Nd4 Kf7 41. b4 Ne6 42. Ba5 Bh6 43. Bb3 Nxd4 44. exd4 Ke6 45. Bb6 Bd2 46. Bc5 f4 47. Ke2 Be3 48. Bc2 Be8 49. Bd3 g5 50. Bxh7 Bb5+ 51. Bd3 Bc6 52. g4  1-0

[Event "Kandidatklassen"]
[Site "Svendborg"]
[Date "2019.04.16"]
[Round "1"]
[White "Jorgensen, Brian Jorgen"]
[Black "Le Besq, Alexander"]
[Result "1/2-1/2"]
[WhiteElo "2261"]
[BlackElo "2142"]
[EventDate "2019.04.16"]
[EventRounds "7"]
[EventCountry "DEN"]
[WhiteFideId "1401548"]
[BlackFideId "1437089"]

1. c4 e5 2. Nc3 Nc6 3. Nf3 Nf6 4. e3 b6 5. a3 Bb7 6. d4 exd4 7. exd4 d5 8. Bg5 dxc4 9. Qe2+ Qe7 10. Bxf6 gxf6 11. Qxe7+ Bxe7 12. Bxc4 Rg8 13. d5 Ne5 14. Bb5+ Kf8 15. Nh4 Rg4 16. g3 Rd4 17. O-O Bxd5 18. Nxd5 Rxd5 19. Ba6 Rad8 20. Ng2 Nf3+ 21. Kh1 Rd2 22. b4 c5 23. Bb7 Ne5 24. Ne3 R8d7 25. Be4 cxb4 26. axb4 Bxb4 27. Bxh7 a5 28. Bf5 Rd8 29. Rad1 a4 30. f4 Rxd1 31. Rxd1 Rxd1+ 32. Nxd1 a3 33. Bb1 Nc4 34. Ba2 Nd2 35. Kg2 Ba5 36. Kf2 b5 37. Ne3 Ne4+ 38. Kf3 Nc3 39. Bb3 a2 40. Nc2 Bb6 41. Kg4 Kg7 42. h4 Bc5 43. h5 Ba3 44. Bxa2 Nxa2 45. Nxa3 b4 46. Nc4 Nc3 47. Kf5 Nd5 48. Ke4 Ne7 49. g4 b3 50. g5 fxg5 51. fxg5 f6 52. h6+  1/2-1/2

[Event "Kandidatklassen"]
[Site "Svendborg"]
[Date "2019.04.16"]
[Round "1"]
[White "Rewitz, Poul"]
[Black "Nilssen, Ellen Fredericia"]
[Result "1/2-1/2"]
[WhiteElo "2212"]
[BlackElo "2048"]
[EventDate "2019.04.16"]
[EventRounds "7"]
[EventCountry "DEN"]
[WhiteFideId "1401033"]
[BlackFideId "1441230"]

1. e4 e6 2. Nf3 d5 3. e5 c5 4. b4 cxb4 5. a3 bxa3 6. Nxa3 Bd7 7. c3 a6 8. d4 Ne7 9. Bd3 Nf5 10. Nc2 Be7 11. Ne3 Nh4 12. Nxh4 Bxh4 13. O-O O-O 14. Qh5 g6 15. Qh6 Bg5 16. Qh3 f5 17. exf6 Bxf6 18. Ng4 Nc6 19. Bh6 Bg7 20. Bxg7 Kxg7 21. Qh6+ Kg8 22. Rae1 Ne7 23. Re3 Nf5 24. Bxf5 Rxf5 25. Rg3 Qf8 26. Qe3 Kg7 27. Rh3 Rh5 28. Rxh5 gxh5 29. Qg5+ Kh8 30. Nf6 Bb5 31. Re1 Qg7 32. h4 Qxg5 33. hxg5 a5 34. Rxe6 a4 35. Re7 Bd3 36. Nxd5 a3  1/2-1/2

[Event "Kandidatklassen"]
[Site "Svendborg"]
[Date "2019.04.16"]
[Round "1"]
[White "Nordenbaek, Jan"]
[Black "Stolberg-Rohr, Thomine"]
[Result "1-0"]
[WhiteElo "2214"]
[BlackElo "2039"]
[EventDate "2019.04.16"]
[EventRounds "7"]
[EventCountry "DEN"]
[WhiteFideId "1401475"]
[BlackFideId "1504258"]

1. b3 Nf6 2. Bb2 d5 3. e3 c5 4. Nf3 Nc6 5. Bb5 a6 6. Bxc6+ bxc6 7. Ne5 Qc7 8. O-O Bf5 9. f4 h5 10. d3 e6 11. Qe1 O-O-O 12. Bc3 Re8 13. Nd2 Ng4 14. e4 Bh7 15. h3 d4 16. hxg4 dxc3 17. Nb1 g5 18. Nc4 gxf4 19. e5 hxg4 20. Nxc3 f6 21. Ne4 fxe5 22. Nf6 Bg7 23. Nxe8 Rxe8 24. Rd1 Qd8 25. c3 g3 26. Nxe5 Qd5 27. d4 Be4 28. Qe2 Bxe5 29. Qxa6+ Kb8 30. dxe5 Qxe5 31. Rd7 Rh8 32. Qb7#  1-0

[Event "Kandidatklassen"]
[Site "Svendborg"]
[Date "2019.04.16"]
[Round "1"]
[White "Liu, Casper Yukun"]
[Black "Nord, Michael"]
[Result "1-0"]
[WhiteElo "2174"]
[BlackElo "2066"]
[EventDate "2019.04.16"]
[EventRounds "7"]
[EventCountry "DEN"]
[WhiteFideId "1454153"]
[BlackFideId "1433784"]

1. d4 d5 2. Bf4 Bf5 3. c4 Nc6 4. Nc3 e6 5. e3 Nf6 6. c5 Be7 7. Qb3 Rb8 8. Nb5 Rc8 9. Nc3 Rb8 10. h3 O-O 11. Nf3 a6 12. a3 h6 13. Qa4 Ra8 14. Be2 Ne4 15. Nxe4 Bxe4 16. b4 f6 17. Qb3 Qe8 18. Nd2 Bg6 19. Bxc7 Qd7 20. Bg3 e5 21. dxe5 fxe5 22. Bg4 Bf5 23. Bxf5 Rxf5 24. e4 Nd4 25. Qa2 Rg5 26. O-O Qb5 27. exd5 Ne2+ 28. Kh2 Qd3 29. Nf3 Rxg3 30. d6+ Kh8 31. fxg3 Bf6 32. Rad1 Qb5 33. a4 Nc3 34. axb5 Nxa2 35. c6 bxc6 36. bxc6 Nxb4 37. c7  1-0

[Event "Kandidatklassen"]
[Site "Svendborg"]
[Date "2019.04.16"]
[Round "1"]
[White "Jepsen, Thomas Stausholm"]
[Black "Christensen, Tobias"]
[Result "1/2-1/2"]
[WhiteElo "2155"]
[BlackElo "2348"]
[EventDate "2019.04.16"]
[EventRounds "7"]
[EventCountry "DEN"]
[WhiteFideId "1403273"]
[BlackFideId "1400673"]

1. e4 e6 2. d3 d5 3. Nd2 Nf6 4. Ngf3 Nc6 5. g3 dxe4 6. dxe4 Bc5 7. Bb5 Bd7 8. O-O O-O 9. Qe2 Nd4 10. Nxd4 Bxd4 11. c3 Bxb5 12. Qxb5  1/2-1/2

[Event "Kandidatklassen"]
[Site "Svendborg"]
[Date "2019.04.16"]
[Round "1"]
[White "Thybo, Thomas Sondergaard"]
[Black "Heimisson, Hilmir Freyr"]
[Result "0-1"]
[WhiteElo "2136"]
[BlackElo "2299"]
[EventDate "2019.04.16"]
[EventRounds "7"]
[EventCountry "DEN"]
[WhiteFideId "1441299"]
[BlackFideId "2309998"]

1. e4 c5 2. Nf3 Nc6 3. b4 cxb4 4. d4 d5 5. exd5 Qxd5 6. c4 Qd6 7. Bb2 Bg4 8. d5 Bxf3 9. Qxf3 Ne5 10. Qb3 Nf6 11. a3 Ned7 12. axb4 e6 13. Nc3 Qxb4 14. Qc2 Bc5 15. Bd3 Ne5 16. Ba3 Qa5 17. O-O Bxa3 18. Nb5 O-O 19. Rxa3 Qb4 20. dxe6 fxe6 21. Rxa7 Rxa7 22. Nxa7 Qa3 23. Qe2 Nxd3 24. Nb5 Qb3 25. Qxe6+ Kh8 26. Nd6 h6 27. Nf7+ Kh7 28. Qf5+ Kg8 29. Nxh6+ gxh6 30. Qg6+ Kh8 31. Qxh6+ Nh7 32. Qe6 Qb2 33. Qe3 Nf4 34. h4 Qf6 35. g3 Rg8 36. Kh2 Ng6 37. Qe4 b6 38. Kh3 Nhf8 39. f4 Ne6 40. f5 Nc5 41. Qf3 Nf8 42. g4 Nh7 43. Qe3 Rd8 44. g5 Qc6 45. Kh2 Ne4 46. Re1 Rd2+ 47. Kg1 Qd6 48. Re2 Rxe2 49. Qxe2 Qg3+ 50. Kf1 Qf4+ 51. Kg2 Qg3+ 52. Kf1 Qh3+ 53. Kg1 Qxh4 54. Qb2+ Kg8 55. Qxb6 Qxg5+ 56. Kf1 Qxf5+ 57. Ke1 Nhf6 58. Qd4 Kf7 59. Kd1 Qf3+ 60. Kc2 Ng5 61. Qd3 Qc6 62. Qd4 Qa4+ 63. Kb2 Ne6 64. Qd3 Nc5 65. Qa3 Qc6 66. Qe3 Qb6+ 67. Kc2 Qb4 68. Qc3 Qa4+ 69. Kb2 Nfd7 70. Qa3 Qd1 71. Qe3 Nd3+ 72. Kc3 N7e5 73. Qa7+ Kg6 74. Qa6+ Kh5 75. Qa2 Qe1+ 76. Kd4 Nc6+  0-1

[Event "Kandidatklassen"]
[Site "Svendborg"]
[Date "2019.04.16"]
[Round "1"]
[White "Thorsbro, Peter"]
[Black "Nielsen, Viktor Haarmark"]
[Result "1-0"]
[WhiteElo "2116"]
[BlackElo "2288"]
[EventDate "2019.04.16"]
[EventRounds "7"]
[EventCountry "DEN"]
[WhiteFideId "1406671"]
[BlackFideId "1444492"]

1. d4 d5 2. c4 e6 3. Nc3 Bb4 4. Nf3 Nf6 5. Bg5 dxc4 6. e4 c5 7. e5 cxd4 8. exf6 gxf6 9. Qa4+ Nc6 10. O-O-O Bd7 11. Nxd4 Bxc3 12. Nxc6 bxc6 13. Bh6 Be5 14. f4 Bxb2+ 15. Kxb2 Qb6+ 16. Ka1 Rb8 17. Qc2 Rg8 18. Bxc4 Rg6 19. Qd2 Qc7 20. Rhe1 Rxh6 21. f5 Rh5 22. fxe6 fxe6 23. Bxe6 Bxe6 24. Rxe6+ Kf7 25. Rd6 Kg8 26. Qe2 Qf7 27. Rd7 Re5 28. Qg4+ Rg5 29. Qh3 Qg6 30. Qe6+ Kh8 31. Rd8+ Rxd8 32. Rxd8+ Kg7 33. Rg8+  1-0

[Event "Kandidatklassen"]
[Site "Svendborg"]
[Date "2019.04.16"]
[Round "1"]
[White "Easwaralingam, Adesh"]
[Black "Kristensen, Bjarke Hautop"]
[Result "1/2-1/2"]
[WhiteElo "2113"]
[BlackElo "2211"]
[EventDate "2019.04.16"]
[EventRounds "7"]
[EventCountry "DEN"]
[WhiteFideId "1448552"]
[BlackFideId "1437747"]

1. e4 c5 2. Nf3 Nc6 3. Bb5 Nf6 4. Bxc6 dxc6 5. Nc3 Bg4 6. h3 Bh5 7. d3 Nd7 8. Ne2 f6 9. Ng3 Bf7 10. e5 Qc7 11. Qe2 e6 12. Bf4 f5 13. h4 O-O-O 14. O-O-O Nb6 15. c4 Be7 16. Bg5 h6 17. Bxe7 Qxe7 18. h5 Rd7 19. Qe3 Rhd8 20. b3 Na8 21. Kc2 Nc7 22. Ne2 Na6 23. a3 b6 24. Nf4 Kb7 25. Rd2 Qe8 26. Rdd1 Qe7 27. Rd2 Qe8 28. Rdd1 Qe7  1/2-1/2

[Event "Kandidatklassen"]
[Site "Svendborg"]
[Date "2019.04.16"]
[Round "1"]
[White "Christensen, Lars"]
[Black "Hoyer, Jacob K"]
[Result "0-1"]
[WhiteElo "2042"]
[BlackElo "2201"]
[EventDate "2019.04.16"]
[EventRounds "7"]
[EventCountry "DEN"]
[WhiteFideId "1423240"]
[BlackFideId "1416316"]

1. d4 Nf6 2. Nf3 g6 3. e3 Bg7 4. Bd3 d5 5. Nbd2 Nbd7 6. c3 O-O 7. e4 dxe4 8. Nxe4 Nxe4 9. Bxe4 c5 10. O-O cxd4 11. cxd4 Nf6 12. Bc2 Be6 13. Re1 Rc8 14. Ne5 Qb6 15. Rb1 Bxa2 16. Ra1 Be6 17. Ra3 Rfd8 18. Nf3 a6 19. Bb3 Rxc1 20. Qxc1 Bxb3 21. Qc5 Qxc5 22. dxc5 Be6 23. c6 bxc6 24. Rxa6 Bd5 25. Rd1 Rc8 26. Ra7 Ne4 27. b4 Rb8 28. Rxe7 Bf6 29. Rd7 Rxb4 30. h3 Rb2 31. Rf1 Kg7 32. Ra7 Nd2 33. Nxd2 Rxd2 34. Ra4 Bd4 35. Kh2 Rxf2  0-1

[Event "Kandidatklassen"]
[Site "Svendborg"]
[Date "2019.04.16"]
[Round "1"]
[White "Lilja, Richard"]
[Black "Moe, Mogens"]
[Result "1-0"]
[WhiteElo "2065"]
[BlackElo "2140"]
[EventDate "2019.04.16"]
[EventRounds "7"]
[EventCountry "DEN"]
[WhiteFideId "1403109"]
[BlackFideId "1400550"]

1. e4 c5 2. Nc3 Nc6 3. Bb5 Nd4 4. Bc4 e6 5. Nf3 Ne7 6. Nxd4 cxd4 7. Ne2 Nc6 8. O-O Qb6 9. d3 Bc5 10. a3 a5 11. Ng3 g6 12. Kh1 h5 13. f4 h4 14. Ne2 d6 15. f5 gxf5 16. exf5 d5 17. Ba2 Bd7 18. fxe6 fxe6 19. Bg5 Be7 20. Bxe7 Nxe7 21. Nf4 O-O-O 22. c3 Qxb2 23. cxd4 Qxd4 24. Qe1 Rdf8 25. Rc1+ Nc6 26. Ng6 Rxf1+ 27. Qxf1 Rg8 28. Ne7+  1-0

[Event "Kandidatklassen"]
[Site "Svendborg"]
[Date "2019.04.17"]
[Round "2"]
[White "Christensen, Tobias"]
[Black "Easwaralingam, Adesh"]
[Result "1/2-1/2"]
[WhiteElo "2348"]
[BlackElo "2113"]
[EventDate "2019.04.16"]
[EventRounds "7"]
[EventCountry "DEN"]
[WhiteFideId "1400673"]
[BlackFideId "1448552"]

1. c4 Nf6 2. Nc3 e5 3. Nf3 Nc6 4. d3 Bb4 5. Bd2 O-O 6. g3 Re8 7. Bg2 Bxc3 8. Bxc3 d5 9. cxd5 Nxd5 10. Bd2 h6 11. O-O Be6 12. a3 a5 13. Rc1 Qd6 14. Be1 Nd4 15. Bd2 a4 16. Nxd4 exd4 17. e4 dxe3 18. fxe3 Qb6 19. Kh1 c6 20. e4 Ne3 21. Bxe3 Qxe3 22. d4 Bb3 23. Re1 Qf2 24. Re2 Qf6 25. Qd3 Rad8 26. Rd2 Re7 27. Rf1 Qd6 28. Qc3  1/2-1/2

[Event "Kandidatklassen"]
[Site "Svendborg"]
[Date "2019.04.17"]
[Round "2"]
[White "Heimisson, Hilmir Freyr"]
[Black "Liu, Casper Yukun"]
[Result "1/2-1/2"]
[WhiteElo "2299"]
[BlackElo "2174"]
[EventDate "2019.04.16"]
[EventRounds "7"]
[EventCountry "DEN"]
[WhiteFideId "2309998"]
[BlackFideId "1454153"]

1. Nf3 Nf6 2. d4 g6 3. Bg5 Bg7 4. Nbd2 O-O 5. e4 d6 6. c3 c5 7. dxc5 dxc5 8. Qc2 Be6 9. Be2 Nc6 10. O-O Qc7 11. h3 Rfd8 12. a4 Rac8 13. Rfe1 a6 14. Bf1 Nd7 15. Nc4 Nde5 16. Nfxe5 Nxe5 17. Ne3 c4 18. Rad1 Qc5 19. Bf4 b5 20. axb5 axb5 21. Rxd8+ Rxd8 22. Rd1 Qc7 23. Bg3 Rd7 24. f4 Nc6 25. Kh2 Bh6 26. Qf2 Qa7 27. Be2 Ne5 28. Rxd7 Bxd7 29. Nf5 Qxf2 30. Nxh6+ Kg7 31. Bxf2 Nd3 32. Ng4 Bxg4 33. Bxg4 Nxf2 34. Bd7 Nd3 35. Bxb5 Nxb2 36. Kg3 Nd1 37. Bxc4 Nxc3 38. Kf3 Na4 39. Ke3 Nb6 40. Bb5 f5 41. e5 Nd5+ 42. Kf3 h6 43. Bc6 Nc7 44. Bd7 Kf7 45. g3 e6 46. Bc6 h5 47. Ke3 Na6 48. Kd4 Nb4 49. Bb7 Ke7 50. Kc3 Na2+ 51. Kc4 Nc1 52. Bf3 Kd7 53. Bd1 Ke7 54. Bf3 Kd7 55. Bd1 Ke7 56. Kc3 Na2+ 57. Kd2 Nb4 58. Bb3 Nc6 59. Kc3 Nd8 60. Kb4 Nf7 61. Bd1 Nh6 62. Kc5 Nf7 63. Kd4 Nd8 64. Bf3 Nf7 65. Ke3 Nh6 66. Bd1 Nf7 67. Be2 Nh6 68. Kf3 Nf7 69. Bd1 Nh6 70. Bc2 Nf7 71. g4 h4 72. gxf5 gxf5 73. Ke3 Nd8 74. Ba4 Nf7 75. Bd1 Nh6 76. Bh5  1/2-1/2

[Event "Kandidatklassen"]
[Site "Svendborg"]
[Date "2019.04.17"]
[Round "2"]
[White "Kristensen, Bjarke Hautop"]
[Black "Jepsen, Thomas Stausholm"]
[Result "1-0"]
[WhiteElo "2211"]
[BlackElo "2155"]
[EventDate "2019.04.16"]
[EventRounds "7"]
[EventCountry "DEN"]
[WhiteFideId "1437747"]
[BlackFideId "1403273"]

1. Nf3 d6 2. c4 Bg4 3. e3 e5 4. Nc3 f5 5. h3 Bh5 6. Be2 c6 7. Qb3 Bxf3 8. Bxf3 Qc7 9. d4 Nd7 10. g4 fxg4 11. hxg4 Be7 12. Qc2 Nh6 13. b4 Rf8 14. Be2 O-O-O 15. Bd2 Nf7 16. Rxh7 Ng5 17. Rxg7 Bf6 18. Rg6 exd4 19. exd4 Ne6 20. Qd3 Rde8 21. Be3 Bxd4 22. Bxd4 Nxd4 23. Qxd4 Ne5 24. Ne4 Nxg6 25. Nxd6+ Kb8 26. Nxe8 Rxe8 27. Rd1 Nf4 28. Rd2 a6 29. Kf1 Ka8 30. Bf3 Qf7 31. b5 Ne6 32. Qd7 Re7 33. Qd3 axb5 34. cxb5 cxb5 35. Rc2 Nc7 36. Rc3 Rd7 37. Qe4 Na6 38. Rc8+ Nb8 39. Qe5  1-0

[Event "Kandidatklassen"]
[Site "Svendborg"]
[Date "2019.04.17"]
[Round "2"]
[White "Hoyer, Jacob K"]
[Black "Lilja, Richard"]
[Result "1-0"]
[WhiteElo "2201"]
[BlackElo "2065"]
[EventDate "2019.04.16"]
[EventRounds "7"]
[EventCountry "DEN"]
[WhiteFideId "1416316"]
[BlackFideId "1403109"]

1. d4 Nf6 2. c4 g6 3. Nc3 Bg7 4. e4 d6 5. h3 O-O 6. Nf3 c5 7. d5 e5 8. g4 Na6 9. Be3 Qa5 10. Qd2 Bd7 11. Be2 Kh8 12. O-O-O Nxe4 13. Nxe4 Qxa2 14. Qd3 f5 15. gxf5 gxf5 16. Nc3 Qa5 17. Ne1 f4 18. Bd2 Bf5 19. Ne4 Qa1+ 20. Kc2 Qa4+ 21. Kb1 b5 22. f3 Nb4 23. Qa3 Rab8 24. Qxa4 bxa4 25. Nc2 Bxe4 26. fxe4 f3 27. Bf1 Nxc2 28. Kxc2 Rb3 29. Ra1 Rfb8 30. Bc3 Bh6 31. Rxa4 Be3 32. Bd3 Bd4 33. Bxd4 cxd4 34. Ra2 R3b7 35. Rf1 Rf8 36. Rf2 Rg7 37. Bf1 h5 38. Ra6 Rd7 39. b4 h4 40. Ra3 Rdf7 41. c5 Rf4 42. cxd6 Rxe4 43. Raxf3  1-0

[Event "Kandidatklassen"]
[Site "Svendborg"]
[Date "2019.04.17"]
[Round "2"]
[White "Nordenbaek, Jan"]
[Black "Brondt, Nicolai Kvist"]
[Result "0-1"]
[WhiteElo "2214"]
[BlackElo "2307"]
[EventDate "2019.04.16"]
[EventRounds "7"]
[EventCountry "DEN"]
[WhiteFideId "1401475"]
[BlackFideId "1413848"]

1. e4 c5 2. Nf3 e6 3. Nc3 Nc6 4. d4 cxd4 5. Nxd4 Qc7 6. Be3 a6 7. Be2 Nf6 8. O-O Be7 9. Na4 O-O 10. Nxc6 bxc6 11. Nb6 Rb8 12. Nxc8 Rfxc8 13. Bxa6 Rd8 14. Bd3 Rxb2 15. e5 Nd5 16. Bd4 Rbb8 17. c4 Nf4 18. Bc2 d6 19. Qe1 c5 20. Bc3 Qc6 21. f3 Qa6 22. Qe4 Ng6 23. exd6 Bxd6 24. a4 Be7 25. f4 Bf6 26. Bxf6 gxf6 27. f5 Rd4 28. Qe3 exf5 29. Bxf5 Rb2 30. Qe8+ Kg7 31. Rae1 Qxc4 32. Bxg6 hxg6 33. Qe7 Rf4 34. Rxf4 Qxf4 35. Qe3 Qg4 36. g3 Qh5 37. h4 Qd5 38. Re2 Qd1+ 39. Kf2 Rxe2+ 40. Qxe2 Qxa4 41. g4 Qd4+  0-1

[Event "Kandidatklassen"]
[Site "Svendborg"]
[Date "2019.04.17"]
[Round "2"]
[White "Moe, Mogens"]
[Black "Christensen, Lars"]
[Result "1-0"]
[WhiteElo "2140"]
[BlackElo "2042"]
[EventDate "2019.04.16"]
[EventRounds "7"]
[EventCountry "DEN"]
[WhiteFideId "1400550"]
[BlackFideId "1423240"]

1. e4 c5 2. Nf3 Nc6 3. d4 cxd4 4. Nxd4 g6 5. Nc3 Bg7 6. Be3 d6 7. Bc4 Nf6 8. h3 a6 9. Bb3 Bd7 10. O-O b5 11. a4 b4 12. Nd5 Rb8 13. Qd3 a5 14. Nxf6+ Bxf6 15. Nxc6 Bxc6 16. Qc4 Kd7 17. Qxf7 Bxb2 18. Rad1 Qf8 19. Qc4 Qf6 20. f4 Rhc8 21. e5 Qf5 22. Qe2 Qe4 23. Qf2 Kc7 24. exd6+ exd6 25. Rfe1 Qf5 26. Bd4 Bxd4 27. Qxd4 Qc5 28. Re7+ Kb6 29. Rxh7 Re8 30. Rg7 Be4 31. Kh2 Qxd4 32. Rxd4 Rbd8 33. Bf7 Re7 34. Bxg6 Rxg7 35. Bxe4 Rc7 36. f5 d5 37. Bd3 Rc3 38. Be4 Kc5 39. Rd2 d4 40. f6 Rf8 41. Rf2 b3 42. cxb3 d3 43. Rf5+ Kd4 44. Bf3 Rxb3 45. Kg3 Rb4 46. Kf4 Rxa4 47. Kg5 Ra1 48. Kg6 Rf1 49. Rxa5 Rd8 50. Ra2 Ke5 51. f7 Rc1 52. Ra5+ Ke6 53. Bg4+ Kd6 54. Ra3 Ke7 55. Kg7 d2 56. Re3+  1-0

[Event "Kandidatklassen"]
[Site "Svendborg"]
[Date "2019.04.17"]
[Round "2"]
[White "Guindy, Esmat Susanne"]
[Black "Stolberg-Rohr, Thomine"]
[Result "1-0"]
[WhiteElo "2144"]
[BlackElo "2039"]
[EventDate "2019.04.16"]
[EventRounds "7"]
[EventCountry "DEN"]
[WhiteFideId "1401637"]
[BlackFideId "1504258"]

1. d4 Nf6 2. Nf3 e6 3. c4 Bb4+ 4. Bd2 Qe7 5. e3 d5 6. a3 Bxd2+ 7. Nbxd2 Nc6 8. c5 O-O 9. Bb5 Nd7 10. b4 e5 11. Bxc6 bxc6 12. Nxe5 Nxe5 13. dxe5 Qxe5 14. O-O a5 15. Nf3 Qe4 16. Qd4 Re8 17. Qxe4 Rxe4 18. Nd4 Ba6 19. Rfb1 Bd3 20. Rd1 Bb5 21. a4 Bc4 22. Nxc6 axb4 23. Nxb4 Bb3 24. Rd4 Ra5 25. f3 Rxe3 26. Nxd5 Bxd5 27. Rxd5 Kf8 28. Kf2 Re6 29. Re1 Ke7 30. Re4 Rxe4 31. fxe4 c6 32. Rd4 Rxc5 33. Ke3 f5 34. exf5 Rxf5 35. Kd3 Rg5 36. g3 Ra5 37. Kc3 Re5 38. Rh4 h5 39. Kb4 Kd7 40. Rf4 Kd6 41. a5 c5+ 42. Kb5 Re2 43. Ra4 Rb2+ 44. Kc4 Rb7 45. a6 Ra7 46. Kb5 Ra8 47. a7 Kc7 48. Kxc5 Kb7 49. Kd5 h4 50. g4 Rd8+ 51. Ke5 Ka8 52. g5 h3 53. Rh4 Rd3 54. Kf5 Kxa7 55. Kg6 Kb6 56. Kxg7 Kc6 57. Kh7 Kd6 58. g6 Ke6 59. g7 Rd7 60. Kh8  1-0

[Event "Kandidatklassen"]
[Site "Svendborg"]
[Date "2019.04.17"]
[Round "2"]
[White "Thorsbro, Peter"]
[Black "Pedersen, Steffen"]
[Result "1/2-1/2"]
[WhiteElo "2116"]
[BlackElo "2322"]
[EventDate "2019.04.16"]
[EventRounds "7"]
[EventCountry "DEN"]
[WhiteFideId "1406671"]
[BlackFideId "1401491"]

1. e4 g6 2. d4 Bg7 3. c4 d6 4. Nc3 Nf6 5. f3 O-O 6. Bg5 c5 7. d5 h6 8. Be3 e6 9. Qd2 exd5 10. cxd5 Re8 11. Nge2 h5 12. Nc1 a6 13. a4 Nbd7 14. Be2 Ne5 15. O-O Nh7 16. Rb1 f5 17. f4 Ng4 18. Bxg4 hxg4 19. e5 dxe5 20. Bxc5 exf4 21. N1e2 g5 22. Rbd1 Nf6 23. d6 Bd7 24. Qc2 Ne4 25. Nxe4 Rxe4 26. Nc3 Bxc3 27. Qxc3 Rc8 28. a5 Qf8 29. Rd5 Qf7 30. Re5 Rxe5 31. Qxe5 Re8 32. Qc3 Qd5 33. Qd4 Qf7 34. Bb4 Re4 35. Qb6 Qe8 36. Bc3 Re2 37. Qxb7 f3 38. gxf3 Qh5 39. Qa8+ Be8 40. Qd5+ Bf7 41. Qa8+ Be8 42. Qd5+ Bf7 43. Qa8+  1/2-1/2

[Event "Kandidatklassen"]
[Site "Svendborg"]
[Date "2019.04.17"]
[Round "2"]
[White "Le Besq, Alexander"]
[Black "Rewitz, Poul"]
[Result "1/2-1/2"]
[WhiteElo "2142"]
[BlackElo "2212"]
[EventDate "2019.04.16"]
[EventRounds "7"]
[EventCountry "DEN"]
[WhiteFideId "1437089"]
[BlackFideId "1401033"]

1. e4 c5 2. Nf3 Nc6 3. d4 cxd4 4. Nxd4 Nf6 5. Nc3 e5 6. Ndb5 d6 7. a4 Be7 8. Bg5 a6 9. Bxf6 gxf6 10. Na3 f5 11. Bc4 O-O 12. Qh5 Nd4 13. O-O-O fxe4 14. Nxe4 Bf5 15. Rxd4 Bg6 16. Qd1 exd4 17. Qxd4 d5 18. Bxd5 Bxe4 19. Qxe4 Bxa3 20. bxa3 Qf6 21. Re1 Rfe8 22. Qg4+ Qg6 23. Rxe8+ Rxe8 24. Qxg6+ hxg6 25. Bxb7 a5 26. Kd2 Kf8 27. Kd3 Ke7 28. Bd5 f6 29. Kd4 Rh8 30. c4 Rxh2 31. Kc5 Rh1 32. Kb6 Rb1+ 33. Kxa5 Kd6 34. Ka6 Rb3 35. a5 Rxa3 36. Kb6 Rb3+ 37. Ka7 Kc7 38. g4 f5 39. gxf5 gxf5 40. f3 f4 41. Be4 Rb2 42. Bd5 Rb4 43. Ka6 Kb8 44. Be6 Rb7 45. Bd5 Rb3 46. Be4 Kc7 47. Bd5 Kd6 48. Ka7 Rb1 49. Be4 Rb2 50. Bd5 Rb4 51. Ka6 Kc5 52. Ka7 Kd6 53. Bb7 Kc7 54. Bd5 Rb2 55. a6 Rb3 56. Be4 Rc3 57. Bd5 Ra3 58. Bb7 Re3 59. Ba8 Re5 60. Bd5 Re7 61. Bb7 Re3 62. Ba8 Rb3 63. Bb7 Rb1 64. Bd5 Rc1 65. Be6 Rf1 66. Bd5 Rf2 67. Be4 Re2 68. Bd5 Rc2 69. Bg8 Re2 70. Bd5 Rf2 71. Be4 Rf1 72. Bd5 Re1 73. Bb7 Rc1 74. Bd5 Rc3 75. Bb7 Rxc4 76. Ba8 Rc3 77. Bb7 Re3 78. Ba8 Re5 79. Bb7 Re7 80. Ba8 Re2 81. Bd5 Rb2 82. Bb7 Ra2 83. Ba8 Ra4 84. Bb7 Ra5 85. Ba8 Ra1 86. Bb7 Rb1 87. Ba8 Rb8 88. Bb7 Re8 89. Ba8 Rb8 90. Bb7  1/2-1/2

[Event "Kandidatklassen"]
[Site "Svendborg"]
[Date "2019.04.17"]
[Round "2"]
[White "Nilssen, Ellen Fredericia"]
[Black "Jorgensen, Brian Jorgen"]
[Result "0-1"]
[WhiteElo "2048"]
[BlackElo "2261"]
[EventDate "2019.04.16"]
[EventRounds "7"]
[EventCountry "DEN"]
[WhiteFideId "1441230"]
[BlackFideId "1401548"]

1. d4 f5 2. g3 Nf6 3. Bg2 g6 4. Nf3 Bg7 5. O-O O-O 6. b3 d6 7. Bb2 a5 8. c4 c6 9. Nc3 Qc7 10. Rc1 e5 11. dxe5 dxe5 12. e4 Bh6 13. exf5 Bxc1 14. Bxc1 Bxf5 15. Re1 Bg4 16. Bh6 Re8 17. Qd2 Nbd7 18. Ng5 Nc5 19. Qe3 Qe7 20. f4 Bf5 21. h3 Nd3 22. Rd1 exf4 23. Qxe7 Rxe7 24. g4 Re1+ 25. Rxe1 Nxe1 26. gxf5 Nxg2 27. Kxg2 Rd8 28. Nge4 Nxe4 29. Nxe4 gxf5 30. Nc5 b6 31. Na4 b5 32. cxb5 cxb5 33. Nc3 Rd2+ 34. Kf1 b4 35. Bxf4 Rb2 36. Nd5 Kf7 37. Ne3 Ke6 38. Nc4 Rxa2 39. Bd2 a4 40. Bxb4 axb3  0-1

[Event "Kandidatklassen"]
[Site "Svendborg"]
[Date "2019.04.17"]
[Round "2"]
[White "Nord, Michael"]
[Black "Thybo, Thomas Sondergaard"]
[Result "1-0"]
[WhiteElo "2066"]
[BlackElo "2136"]
[EventDate "2019.04.16"]
[EventRounds "7"]
[EventCountry "DEN"]
[WhiteFideId "1433784"]
[BlackFideId "1441299"]

1. e4 e5 2. Nf3 Nc6 3. Bc4 Nf6 4. d3 h6 5. c3 d6 6. b4 g5 7. Qb3 Qe7 8. Nbd2 Bg7 9. Nf1 Be6 10. Ng3 a5 11. a3 axb4 12. cxb4 g4 13. Nh4 Nd4 14. Qd1 Nxe4 15. Bxe6 fxe6 16. dxe4 Qxh4 17. h3 h5 18. Be3 O-O-O 19. Rc1 Kb8 20. Qd3 Qf6 21. b5 Qg6 22. Qc4 Rc8 23. h4 Rhf8 24. a4 Bh6 25. Rc3 c5 26. a5 Bf4 27. O-O Bxg3 28. fxg3 Rxf1+ 29. Qxf1 Qxe4 30. a6 b6 31. Kh2 Nf5 32. Bf2 Ka7 33. Qc1 Qe2 34. Rc2 Qd3 35. Qb2 Rc7 36. Rd2 Qf1 37. Qa2 d5 38. Qb2 Nd4 39. Bxd4 exd4 40. Rf2 Qe1 41. Rf8 Qb4 42. Qe2 c4 43. Qe5 Qe7 44. Qh8 Qxf8 45. Qxf8 d3 46. Qd6 Rh7 47. Qxe6 d2 48. Qxd5 c3 49. Qd6 Rg7 50. Kg1 Rf7 51. Qd8 Rh7 52. Kf2 Rg7 53. Ke2 Rf7 54. Qd6  1-0